Sports Quiz

Random Sports or NHL Quiz
Score 0/109 Timer 06:00
0 Plays Today
Points Defenseman % Correct
139Bobby Orr
95.3%
135Bobby Orr
95.3%
122Bobby Orr
95.3%
120Bobby Orr
95.3%
117Bobby Orr
95.3%
101Bobby Orr
95.3%
138Paul Coffey
84.5%
126Paul Coffey
84.5%
121Paul Coffey
84.5%
113Paul Coffey
84.5%
103Paul Coffey
84.5%
96Paul Coffey
84.5%
93Paul Coffey
84.5%
89Paul Coffey
84.5%
87Paul Coffey
84.5%
77Paul Coffey
84.5%
74Paul Coffey
84.5%
82Erik Karlsson
79%
96Ray Bourque
78.6%
95Ray Bourque
78.6%
94Ray Bourque
78.6%
91Ray Bourque
78.6%
86Ray Bourque
78.6%
84Ray Bourque
78.6%
82Ray Bourque
78.6%
82Ray Bourque
78.6%
81Ray Bourque
78.6%
81Ray Bourque
78.6%
77Ray Bourque
78.6%
73Ray Bourque
78.6%
83Brent Burns
78%
80Nicklas Lidström
77.6%
73Nicklas Lidström
77.6%
78Erik Karlsson
77.6%
74Erik Karlsson
77.6%
76Brent Burns
72.4%
75Brent Burns
67.9%
Points Defenseman % Correct
102Brian Leetch
67.6%
88Brian Leetch
67.6%
85Brian Leetch
67.6%
79Brian Leetch
67.6%
79Brian Leetch
67.6%
78Brian Leetch
67.6%
103Al MacInnis
65.5%
90Al MacInnis
65.5%
83Al MacInnis
65.5%
82Al MacInnis
65.5%
77Al MacInnis
65.5%
76Al MacInnis
65.5%
74Al MacInnis
65.5%
101Denis Potvin
60.1%
98Denis Potvin
60.1%
94Denis Potvin
60.1%
85Denis Potvin
60.1%
80Denis Potvin
60.1%
76Denis Potvin
60.1%
76Denis Potvin
60.1%
75John Carlson
56.1%
85Larry Robinson
55.9%
82Larry Robinson
55.9%
75Larry Robinson
55.9%
73Chris Chelios
53.1%
73Chris Chelios
52.6%
97Phil Housley
50.8%
86Phil Housley
50.8%
81Phil Housley
50.8%
77Phil Housley
50.8%
76Phil Housley
50.8%
76Mike Green
50.1%
73Mike Green
50.1%
78Scott Stevens
47.1%
85Larry Murphy
45.8%
81Larry Murphy
45.8%
77Larry Murphy
45.8%
Points Defenseman % Correct
76Larry Murphy
45.8%
73Larry Murphy
45.8%
89Sergei Zubov
41%
91Gary Suter
35.9%
81Gary Suter
35.9%
76Gary Suter
35.9%
82Brad Park
35.5%
79Brad Park
35.5%
73Brad Park
35.5%
82Mark Howe
35%
80Mark Howe
35%
74Mark Giordano
32.7%
78Börje Salming
32.5%
76Börje Salming
32.5%
73Börje Salming
32.5%
85Doug Wilson
31%
76Doug Wilson
31%
73Doug Wilson
31%
79Kevin Hatcher
27.3%
74Kevin Hatcher
27.3%
83Randy Carlyle
25.3%
75Randy Carlyle
25.3%
76Guy Lapointe
24.2%
75Guy Lapointe
24.2%
82Steve Duchesne
19.3%
75Steve Duchesne
19.3%
78Jeff Brown
15.5%
79Ian Turnbull
12.4%
74Dave Babych
11%
74Reed Larson
10.9%
74Carol Vadnais
9.5%
75Paul Reinhart
9.4%
77Craig Hartsburg
9.4%
73Reijo Ruotsalainen
7.4%
73Brad Maxwell
4.6%
Remove Ads.
Support Sporcle.
Get the best of Sporcle when you Go Orange. This ad-free experience offers more features, more stats, and more fun while also helping to support Sporcle. Thank you for becoming a member.

You're not logged in!

Compare scores with friends on all Sporcle quizzes.
OR
Log In

Show Comments

Extras

Top Quizzes Today


Score Distribution

Your Account Isn't Verified!

In order to create a playlist on Sporcle, you need to verify the email address you used during registration. Go to your Sporcle Settings to finish the process.

Report this User

Report this user for behavior that violates our Community Guidelines.

Details: